| 000 | 01686cam a2200313 i 4500 | ||
|---|---|---|---|
| 001 | zz2007871676 | ||
| 003 | NUKAT | ||
| 005 | 20260425091058.0 | ||
| 008 | 070601s1934 pl a |000 0 pol c | ||
| 035 | _a(OCoLC)1413095680 | ||
| 035 | _a(NUKAT)zz2007871676 | ||
| 040 |
_aTOR U/EC _bpol _erda _cTOR U/EC _dTOR U/LF _dOLSZT 003/AL _dKAT U/44UIs |
||
| 099 | _ahh_572814 | ||
| 245 | 0 | 0 |
_aSkorowidz gmin województwa pomorskiego do map B. Zaborskiego " Podatek gruntowy, gęstość zaludnienia i narodowość mieszkańców na Pomorzu" : _bczęść pierwsza pracy zbiorowej "Stosunki rolnicze na Pomorzu" - Polskie Pomorze t. 3 "Życie gospodarcze" / _cBogdan Zaborski. |
| 246 | 1 | 4 |
_aPodatek gruntowy, gęstość zaludnienia i narodowość mieszkańców na Pomorzu : _b3 mapy i skorowidz gmin województwa pomorskiego |
| 260 |
_aToruń : _bKasa im. Mianowskiego - Instytut Popierania Nauki, _c1934 _e(Bydgoszcz : _fZakł. Graficzne "Biblijoteka Polska"). |
||
| 300 |
_aStrony 23-56 ; _c25 cm + _e4 mapy złożone kolorowe. |
||
| 336 |
_aTekst _btxt _2rdacontent |
||
| 337 |
_aBez urządzenia pośredniczącego _bn _2rdamedia |
||
| 338 |
_aWolumin _bnc _2rdacarrier |
||
| 490 | 1 | _aWydawnictwa Instytutu Bałtyckiego | |
| 650 | 4 |
_aPolityka rolna _zPolska _xhistoria. _2kaba _91744 |
|
| 651 | 7 |
_aPomorze Gdańskie (Polska ; region) _xsytuacja społeczna _y19 w. _2kaba _940502 |
|
| 651 | 7 |
_aPomorze Gdańskie (Polska ; region) _xsytuacja społeczna _y1900-1945. _2kaba _940503 |
|
| 700 | 1 |
_aZaborski, Bogdan _d(1901-1985). _eRedakcja _939894 |
|
| 710 | 2 |
_aKasa im. Mianowskiego - Instytut Popierania Nauki. _eWydawca _4pbl _9580 |
|
| 830 | 0 |
_aWydawnictwa Instytutu Bałtyckiego _9349 |
|
| 942 |
_2ddc _cBK_NM |
||
| 999 |
_c27757 _d27757 |
||